000 00680cam a22002413a 4500
001 29733
003 PGUSA
005 20140828083637.0
008 090819s2009||||xxu|||||s|||||000 | eng d
040 _aPGUSA
_beng
042 _adc
050 4 _aHT
100 1 _aSanderson, Dwight,
_d1878-1944
245 1 4 _aThe Farmer and His Community
_h[electronic resource] /
_cDwight Sanderson
260 _bProject Gutenberg,
_c2009
506 _aPublic domain in the USA.
516 _aElectronic text
653 _aCommunity life
653 _aCountry life -- United States
830 0 _aProject Gutenberg
_v29733
856 4 0 _uhttp://www.gutenberg.org/ebooks/29733
942 _cEB
999 _c258988
_d258988